Statistiques concernant Les plantes les plus cultivées dans le Monde

Cliquez ici pour prendre le quiz!

Statistiques générales

  • Ce quiz a été pris 368 fois
  • Le résultat moyen est 10 sur 20

Statistiques - réponses

Production mondiale (en milliers de tonnes)Culture% Correct
734 045Blé
98%
782 000Riz
88%
1 147 622Maïs
85%
86 142Pommier
83%
141 423Orge
71%
115 738Bananier
65%
368 169Pomme de terre
64%
182 256Tomate
61%
348 712Soja
55%
75 413Oranger
50%
75 001Colza
47%
1 907 025Canne à sucre
44%
79 126Vigne
44%
274 886Betterave à sucre
37%
272 055Palmier à huile
33%
277 809Manioc
26%
96 774Oignon
23%
103 931Pastèque
15%
75 219Concombre/cornichon
13%
91 945Patate douce
9%

Distribution des résultats

Percentile par nombre de réponses

% des personnes avec chaque résultat

Votre développement - résultats

Vous n’avez pas pris ce quiz